Tìm lại chính mình = The princess who believed in fairy tales

Đã lưu trong:
書目詳細資料
主要作者: Grad, Marcia
格式: 圖書
語言:Undetermined
出版: Thành phố Hồ Chí Minh Trẻ 2012
主題:
標簽: 添加標簽
沒有標簽, 成為第一個標記此記錄!
Thư viện lưu trữ: Trung tâm Học liệu Trường Đại học Cần Thơ
LEADER 00648nam a2200205Ia 4500
001 CTU_193678
008 210402s9999 xx 000 0 und d
020 |c 58000 
082 |a 813.54 
082 |b G732 
100 |a Grad, Marcia 
245 0 |a Tìm lại chính mình = 
245 4 |b The princess who believed in fairy tales 
245 0 |c Marcia Grad ; Khánh Thủy, Việt Hà, Hạnh Nguyên (Biên dịch) 
260 |a Thành phố Hồ Chí Minh 
260 |b Trẻ 
260 |c 2012 
650 |a American fiction,Tiểu thuyết Mỹ 
910 |a Hải 
980 |a Trung tâm Học liệu Trường Đại học Cần Thơ